Сочинения: [в 25-ти тт.]

Библиографические подробности
Главный автор: Менделеев Д. И. Дмитрий Иванович
Автор-организация: Академия наук СССР (АН СССР)
Язык:русский
Опубликовано: Ленинград, Издательство Академии наук СССР, 1937-1952
Формат: Книга
Запись в KOHA:https://koha.lib.tpu.ru/cgi-bin/koha/opac-detail.pl?biblionumber=200223

MARC

LEADER 00000nam0a2200000 4500
001 200223
005 20231101224936.0
035 |a (RuTPU)RU\TPU\book\218284 
090 |a 200223 
100 |a 20110902d1937 k y0rusy50 ca 
101 0 |a rus 
102 |a RU 
105 |a a z 001zy 
200 1 |a Сочинения  |e [в 25-ти тт.]  |f Д. И. Менделеев  |g Академия наук СССР (АН СССР) 
210 |a Ленинград  |c Издательство Академии наук СССР  |d 1937-1952  |a Москва 
700 1 |a Менделеев  |b Д. И.  |c учёный-энциклопедист, химик, педагог  |c член-корреспондент Петербургской АН  |f 1834-1907  |g Дмитрий Иванович  |2 stltpush  |3 (RuTPU)RU\TPU\pers\1367  |9 609 
712 0 2 |a Академия наук СССР (АН СССР)  |2 stltpush  |3 (RuTPU)RU\TPU\col\722 
801 1 |a RU  |b 63413507  |c 20110902 
801 2 |a RU  |b 63413507  |c 20180111  |g RCR 
942 |c BK